La raza cósmica (Record no. 172080)

MARC details
000 -LEADER
fixed length control field 00694cam a2200217 4500
005 - DATE AND TIME OF LATEST TRANSACTION
control field 20260319091821.0
008 - FIXED-LENGTH DATA ELEMENTS--GENERAL INFORMATION
fixed length control field 260318b mx |||||||| |||| 00| 0 spa d
020 ## - INTERNATIONAL STANDARD BOOK NUMBER
International Standard Book Number 9684130538
050 04 - LIBRARY OF CONGRESS CALL NUMBER
Classification number PQ7297.V28
Item number R39 1992
100 1# - MAIN ENTRY--PERSONAL NAME
Personal name Vasconcelos, José,
Dates associated with a name 1882-1959
245 13 - TITLE STATEMENT
Title La raza cósmica
Remainder of title : misión de la raza Iberoamericana Argentina y Brasil
Statement of responsibility, etc / Jose Vasconcelos.
250 ## - EDITION STATEMENT
Edition statement 15a ed.
260 ## - PUBLICATION, DISTRIBUTION, ETC. (IMPRINT)
Place of publication, distribution, etc México :
Name of publisher, distributor, etc Espasa Calpe Mexicana,
Date of publication, distribution, etc 1992
300 ## - PHYSICAL DESCRIPTION
Extent 207 p. ;
Dimensions 18 cm.
490 0# - SERIES STATEMENT
Series statement Colección Austral ;
Volume number/sequential designation 802
500 ## - GENERAL NOTE
General note
504 ## - BIBLIOGRAPHY, ETC. NOTE
Bibliography, etc Incluye índice
650 #7 - SUBJECT ADDED ENTRY--TOPICAL TERM
Source of heading or term lemb
Topical term or geographic name as entry element Literatura mexicana
Chronological subdivision Siglo XX
650 #7 - SUBJECT ADDED ENTRY--TOPICAL TERM
Source of heading or term lemb
Topical term or geographic name as entry element Literatura
General subdivision Ensayos
942 ## - ADDED ENTRY ELEMENTS (KOHA)
Source of classification or shelving scheme Biblioteca del Cogreso de los Estados Unidos
Koha item type Libro
Holdings
Estado de pérdida Fuente de clasificación Estado del daño No para préstamo Ubicación permanente Ubicación actual Apartado o colección Fecha de adquisición Edición Área del conocimiento Total Checkouts Clasificación Código de Barras Date last seen Número de copia Costo por reposición Tipo de recurso
  Biblioteca del Cogreso de los Estados Unidos     Biblioteca del Colegio de San Nicolás Biblioteca del Colegio de San Nicolás Literatura 08/08/2025 15a ed. Educación y Humanidades   PQ7297.V28 R39 1992 BPCS000004171 08/08/2025 1 1.00 Libro
  Biblioteca del Cogreso de los Estados Unidos     Biblioteca del Colegio de San Nicolás Biblioteca del Colegio de San Nicolás Literatura 19/03/2026 15a ed. Educación y Humanidades   PQ7297.V28 R39 1992 BPCS000004665 19/03/2026 2 1.00 Libro